000 00624nam a2200229Ia 4500
003 OSt
005 20220918174004.0
006 a|||||r|||| 00| 0
007 ta
008 220917b |||||||| |||| 00| 0 eng d
024 _a9,649
037 _cTextual
040 _aARTS
_cARTS
_beng
041 _2eng
_aeng
082 _aM1, J0 (2D)
100 _aMiller William
_948716
245 0 _aBook industry
_b a report of the public library inquiry of the Social Research Council
260 _c1950
650 _aINDUSTRIAL ARTS
942 _hM1, J0 (2D)
_cTEXL
_2CC
999 _c151287
_d151287